Soldadito Marinero - Fito & Fitipaldis - Estadísticas

Estadísticas generales
  • Esta prueba ha sido intentada 388 veces
  • La puntuación promedio es 173 de 210
Estadísticas de respuestas
% Correcto
a
99%
De
98%
de
98%
la
98%
La
98%
marinero
98%
que
98%
Que
98%
qué
98%
si
98%
Estribillo Soldadito
98%
un
98%
cartera
97%
con
97%
sirena
97%
"te
97%
te
97%
esas
96%
llena
96%
una
96%
buena
95%
dicen
95%
quiero"
95%
y
95%
conociste
94%
ven
94%
más
93%
menos
93%
guapa
91%
En
88%
en
88%
no
87%
las
85%
los
85%
Verso Él
84%
ha
84%
por
80%
Escogiste
79%
buenas
75%
prisas
75%
son
75%
su
74%
tormenta
74%
camina
73%
despacito
73%
Final Después
72%
arena
71%
cómo
71%
entre
71%
invierno
71%
lágrima
71%
pero
71%
primavera
71%
arrimas
70%
cogido
70%
estás
70%
mala
70%
malo,
70%
malo
70%
Mariela
70%
piernas
70%
Sin
70%
ver,
70%
guerra
69%
cuando
68%
Dime
68%
le
68%
saber
68%
ser
68%
dónde
67%
niño
67%
buscando
66%
chaqueta
66%
conoció
66%
Hay
65%
pilló
65%
calle
64%
chavales
64%
cuidado,
64%
juegan
64%
negocio
64%
ojos
64%
tenía
64%
puntería,
63%
quiso
63%
brazo,
61%
venido
61%
verdes
61%
también
60%
fue
59%
dobladita
58%
difícil
54%
pasa
54%
verdad,
54%
mares
51%
Luego
49%
olvidar
49%
quería
46%
cruzar
40%
No se encontraron pruebas coincidentes
Distribución de puntuación
Porcentaje de gente con cada puntuación
Porcentaje por número respondido
Historial de tus puntuaciones
No has intentado esta prueba.